000 00415nam a22001577a 4500
003 Macl
005 20241018141914.0
008 241018b |||||||| |||| 00| 0 eng d
040 _cMacl
082 _a320
100 _aThakur,Sundram
_982510
245 _aNCERT Notes Indian Polity & Governance class 6-12(old +new )
260 _aNew Delhi
_bArihant
_c2024
650 _aPolitical Science
942 _2ddc
_cC. BOOKS
999 _c67038
_d67038